Desde la Universidad -reflexiones de un rector-
Este libro es una compilación de diversas opiniones emitidas por el dr. Fernando Durán Ayanegui en su carácter de Rector de la Universidad de Costa Rica. Aunque reune una gran diversidad de escritos independientes entre sí, de hecho hay una directriz general que unifica el contenido del libro, a sab...
Αποθηκεύτηκε σε:
| Κύριος συγγραφέας: | |
|---|---|
| Μορφή: | Κείμενο |
| Έκδοση: |
San Pedro de M. de O.:
UCR. Oficina de Publicaciones
|
| Θέματα: | |
| Ετικέτες: |
Προσθήκη ετικέτας
Δεν υπάρχουν, Καταχωρήστε ετικέτα πρώτοι!
|
MARC
| LEADER | 00000 a a2200000 04500 | ||
|---|---|---|---|
| 001 | 13136 | ||
| 003 | |||
| 040 | |||
| 020 | |a 9977-917-44-2 | ||
| 022 | |a 9977-917-44-2 | ||
| 090 | |a 018700 | ||
| 100 | |a Durán Ayanegui, Fernando | ||
| 245 | |a Desde la Universidad -reflexiones de un rector- | ||
| 260 | |a San Pedro de M. de O.: |b UCR. Oficina de Publicaciones | ||
| 300 | |a 175 p. | ||
| 520 | |a Este libro es una compilación de diversas opiniones emitidas por el dr. Fernando Durán Ayanegui en su carácter de Rector de la Universidad de Costa Rica. Aunque reune una gran diversidad de escritos independientes entre sí, de hecho hay una directriz general que unifica el contenido del libro, a saber: la educación universitaria. Hace alusión a algunos elementos que deben caracterizar a ésta, tales como la libertad de enseñanza o libertad de cátedra y la acción social universitaria. También se refiere a los fines de la educación superior. JL/mb | ||
| 650 | |a UNIVERSIDAD DE COSTA RICA | ||
| 650 | |a UNIVERSIDADES | ||
| 650 | |a LIBERTAD DE ENSEÑANZA | ||
| 650 | |a FINANCIAMIENTO DE LA EDUCACION | ||
| 650 | |a PAZ | ||
| 650 | |a PARTICIPACION POLITICA | ||
| 650 | |a LIBERTAD DE OPINION | ||
| 650 | |a DESCENTRALIZACION | ||
| 650 | |a COSTO DE LA ENSEÑANZA | ||
| 650 | |a DICTADURA | ||
| 999 | |c 17245 |d 17245 | ||



